Statistiche per Scene da film #7

Clicka qui per fare il quiz!

Statistiche generali

  • Questo quiz è stato fatto 152 volte
  • Il punteggio medio è 8 su 16

Statistiche sulle risposte

Risposta% Corretto
Mamma ho perso l'aereo
98%
Joker
94%
Ghost
72%
The Blues Brothers
72%
The ring
71%
Io sono Leggenda
66%
Ti presento i miei
59%
Leon
53%
Vita di Pi
53%
Il sesto senso
47%
American Pie
45%
Il favoloso mondo di Amelie
33%
Dal tramonto all'alba
26%
L'ultimo dei mohicani
26%
Ladyhawke
16%
I Tenenbaum
13%

Distribuzione punteggi

Percentile per numero di risposta

Percentuale di utenti per punteggio

I tuoi punteggi nel tempo

Non hai fatto questo quiz